00866nam a22002417a 45000010005000000030006000050050017000110080041000280200018000690400029000870500011001160820010001271000021001372450122001582600050002803000043003305050008003735200134003815210021005155210020005366500032005567000036005885148FISKH20241107150324.0241107b cb ||||| |||| 00| 0 eng d a9780329138318 aFISKHbengcFISKHdFISKH aE99.C5 a970.3 aBealer, Alex W.  aOnly the Names Remain :bThe Cherokees and The Trail of Tears /cby Alex W. Bealer : illustrated by Kristina Rodanas  aBoston :bLittle, Brown and Company ;c1972 . a76 pages : billustrations ;c20 cm .  aZ  aDescribes the life of the Cherokee Indians in Georgia before and after the U.S. government forcibly removed them from their land.8 a1050 bLexile 8 aZ bRaz-plus  aTrail of Tearsvnon-fiction aRodanas, Kristina eillustrator